| Tag |
First Indicator |
Second Indicator |
Subfields |
| LEADER |
00000pam a2200000 a 4500 |
| 001 |
in00000084961 |
| 005 |
20151008054431.0 |
| 008 |
810423s1981 nyuah b 00110 eng |
| 010 |
|
|
|a 81003187
|
| 020 |
|
|
|a 0801414091
|
| 035 |
|
|
|a (OCoLC)07464259
|
| 035 |
|
|
|9 AAJ0650AM
|
| 039 |
0 |
|
|a 2
|b 3
|c 3
|d 3
|e 3
|
| 040 |
|
|
|a DLC
|c DLC
|d TXA
|d UtOrBLW
|
| 041 |
0 |
|
|a eng
|a fre
|
| 043 |
|
|
|a e-uk---
|
| 049 |
|
|
|a TXAM
|c [1196023]
|
| 050 |
0 |
0 |
|a QC16.N7
|b G82
|
| 082 |
0 |
|
|a 509/.2/4
|a B
|2 19
|
| 100 |
1 |
|
|a Guerlac, Henry.
|
| 245 |
1 |
0 |
|a Newton on the Continent /
|c Henry Guerlac.
|
| 264 |
|
1 |
|a Ithaca, N.Y. :
|b Cornell University Press,
|c 1981.
|
| 300 |
|
|
|a 169 pages :
|b illustrations, facsimiles ;
|c 25 cm.
|
| 336 |
|
|
|a text
|b txt
|2 rdacontent
|
| 337 |
|
|
|a unmediated
|b n
|2 rdamedia
|
| 338 |
|
|
|a volume
|b nc
|2 rdacarrier
|
| 500 |
|
|
|a English and French.
|
| 504 |
|
|
|a Includes bibliographical references and index.
|
| 600 |
1 |
0 |
|a Newton, Isaac,
|d 1642-1727.
|
| 650 |
|
0 |
|a Science
|x History.
|
| 650 |
|
0 |
|a Physicists
|z Great Britain
|v Biography.
|
| 999 |
|
|
|a MARS
|
| 999 |
f |
f |
|s 40a4b1b3-1b89-3203-9bee-fbcd499835fa
|i 8e5a0cfd-80c4-321c-958b-8b9033f0712f
|t 0
|
| 952 |
f |
f |
|p normal
|a Texas A&M University
|b College Station
|c Sterling C. Evans Library
|d Evans: Library Stacks
|t 0
|e QC16.N7 G82
|h Library of Congress classification
|i unmediated -- volume
|m A14806207144
|
| 998 |
f |
f |
|a QC16.N7 G82
|t 0
|l Evans: Library Stacks
|